[Event "Berlin Lichtenberger op 11th"]
[Site "Berlin"]
[Date "2012.08.21"]
[Round "4"]
[White "Zelanti, Markus"]
[Black "Kranch, Klaus"]
[Result "1-0"]
[WhiteElo "1487"]
[BlackElo "1770"]
[PlyCount "141"]
[EventDate "2012.08.18"]
[EventType "swiss"]
[EventRounds "9"]
[EventCountry "GER"]
[SourceTitle "CBM 150 Extra"]
[Source "ChessBase"]
[SourceDate "2012.10.19"]
[SourceVersion "1"]
[SourceVersionDate "2012.10.19"]
[SourceQuality "1"]

1. b4 e5 2. Bb2 Bxb4 3. Bxe5 Nf6 4. c4 Nc6 5. Bb2 d6 6. Nf3 0-0 7. e3 Bg4 8. Be2 Re8 9. 0-0 Qe7 10. Nc3 Rad8 11. Re1 Ba5 12. a3 Ne5 13. Nxe5 Bxe2 14. Qxe2 dxe5 15. e4 c6 16. a4 Bb4 17. Red1 Bc5 18. Rab1 Rd7 19. a5 Red8 20. Na4 Bd4 21. Bxd4 Rxd4 22. d3 R8d7 23. Nb2 g6 24. f3 Nh5 25. g3 Qc5 26. Kg2 Qxa5 27. Ra1 Qc5 28. Na4 Qd6 29. Nb2 b6 30. Ra4 a5 31. Rc1 Qc7 32. Qd2 Ng7 33. h4 Ne6 34. h5 Nc5 35. Ra3 Qd6 36. hxg6 fxg6 37. Rcc3 Kg7 38. Kf2 Qf6 39. Kg2 Rf7 40. Qe3 g5 41. Ra1 h6 42. Rf1 Qd8 43. Rf2 Rd6 44. f4 Rdf6 45. f5 Rd7 46. Kf3 Ne6 47. Kg2 Nd4 48. Na4 Rb7 49. Rb2 b5 50. Nc5 Rb6 51. cxb5 cxb5 52. Qc1 Kf7 53. Qd1 Rfc6 54. Qa1 a4 55. Ne6 Nxe6 56. Rxc6 Nf4+ 57. gxf4 Rxc6 58. Qa2+ Kf8 59. Qa3+ Kf7 60. fxe5 Qc7 61. Rxb5 Rc2+ 62. Kg3 Rc3 63. Qa2+ Kf8 64. Qb1 Rb3 65. Rxb3 axb3 66. Qxb3 Qxe5+ 67. Kg4 Qe7 68. Qb8+ Kf7 69. Qb3+ Kf6 70. Qb6+ Kf7 71. Qg6+ 1-0

[Event "Berlin Lichtenberger op 11th"]
[Site "Berlin"]
[Date "2012.08.20"]
[Round "3"]
[White "Geissler, Felix"]
[Black "Zelanti, Markus"]
[Result "1-0"]
[WhiteElo "1766"]
[BlackElo "1487"]
[PlyCount "48"]
[EventDate "2012.08.18"]
[EventType "swiss"]
[EventRounds "9"]
[EventCountry "GER"]
[SourceTitle "CBM 150 Extra"]
[Source "ChessBase"]
[SourceDate "2012.10.19"]
[SourceVersion "1"]
[SourceVersionDate "2012.10.19"]
[SourceQuality "1"]

1. e4 e6 2. d4 d5 3. Nc3 Bb4 4. a3 Bxc3+ 5. bxc3 Ne7 6. Bd3 c5 7. dxc5 Qa5 8. Ne2 Qxc5 9. Be3 Qc7 10. 0-0 Nbc6 11. c4 dxe4 12. Bxe4 Bd7 13. Nc3 a6 14. Rb1 Rb8 15. Qe2 Qa5 16. Rb3 Qe5 17. f4 Qf6 18. Qd2 Nf5 19. Bb6 Nfd4 20. Rd1 e5 21. fxe5 Qxe5 22. Bxc6 0-0 23. Bxd4 Qe7 24. Nd5 Qe8 1-0

[Event "Berlin Lichtenberger op 11th"]
[Site "Berlin"]
[Date "2012.08.18"]
[Round "1"]
[White "Schmidt, Markus"]
[Black "Zelanti, Markus"]
[Result "1-0"]
[WhiteElo "2051"]
[BlackElo "1487"]
[PlyCount "43"]
[EventDate "2012.08.18"]
[EventType "swiss"]
[EventRounds "9"]
[EventCountry "GER"]
[SourceTitle "CBM 150 Extra"]
[Source "ChessBase"]
[SourceDate "2012.10.19"]
[SourceVersion "1"]
[SourceVersionDate "2012.10.19"]
[SourceQuality "1"]

1. e4 g6 2. d4 Bg7 3. Nc3 d6 4. Be3 Nf6 5. f3 0-0 6. Qd2 a6 7. 0-0-0 b5 8. g4 e5 9. dxe5 Ne8 10. h4 f5 11. Qd5+ Kh8 12. Qxa8 Nd7 13. Bg5 Ndf6 14. h5 fxg4 15. hxg6 h6 16. exf6 Nxf6 17. e5 gxf3 18. Nxf3 Qd7 19. exf6 Bxf6 20. Bxf6+ Rxf6 21. Bh3 Qg7 22. Qxc8+ 1-0